VYUŽITIE VIBRÁCIÍ OD ŽELEZNIČNEJ DOPRAVY PRI URČOVANÍ MODÁLNYCH CHARAKTERISTÍK STAVEBNÝCH OBJEKTOV

Bibliographic Details
Main Author: Demjan, Ivo (Author)
Format: Article
Language:Slovak

MARC

LEADER 00000nab a2200000ua 4500
001 vtls010830312
003 SK-MaSNL
005 20260303145008.0
008 230222s2010 xo |||||||||||||||||slo|
035 |a (urnnbn)urn:nbn:sk:snk:ar-a06gx8 
035 |a urn:nbn:sk:snk-ab5vgs 
035 |a (uuid)5533d8df-ef96-42b5-bb58-651813ba4918 
040 |a SNKBUCL  |b slo  |c SNKBUCL  |e AACR2 
041 0 |a slo 
044 |a xo  |c SK 
100 1 |a Demjan, Ivo  |4 aut  |9 777245 
245 1 0 |a VYUŽITIE VIBRÁCIÍ OD ŽELEZNIČNEJ DOPRAVY PRI URČOVANÍ MODÁLNYCH CHARAKTERISTÍK STAVEBNÝCH OBJEKTOV  |c Ivo Demjan 
246 3 |a USING OF RAILWAY TRANSPORT VIBRATIONS IN DETERMINING THE MODAL CHARACTERISTICS OF BUILDINGS 
773 0 |t Pozemné komunikácie a dráhy  |g Roč. 6, č. 1-2 (2010), s. [25]-32 
954 |a odborná, vedecká literatúra pôvodná (slovenská)  |2 lita 
958 |a OND 
958 |a EUIPO 
958 |a article5 
999 |c 2000010  |d 2001940